书目信息 |
| 题名: |
论语
|
|
| 作者: | 朱瑞芬 注解 | |
| 分册: | ||
| 出版信息: | 天津 百花文艺出版社 2007.08 |
|
| 页数: | 218页 | |
| 开本: | 21cm | |
| 丛书名: | 四大国学经典解读 | |
| 单 册: | ||
| 中图分类: | B222.2-49 | |
| 科图分类: | ||
| 主题词: | 儒家--ru jia | |
| 电子资源: | ||
| ISBN: | 978-7-5306-4743-1 | |
| 000 | 00871nam 2200265 450 | |
| 001 | 012007717812 | |
| 005 | 20071228165801.64 | |
| 010 | @a978-7-5306-4743-1@dCNY15.00 | |
| 100 | @a20071228d2007 km y0chiy0120 ea | |
| 101 | 0 | @achi |
| 102 | @aCN@b120000 | |
| 105 | @ay z 000yy | |
| 106 | @ar | |
| 200 | 1 | @a论语@Alun yu@e精华本@f朱瑞芬注解@Fzhu rui fen zhu jie |
| 210 | @a天津@c百花文艺出版社@d2007.08 | |
| 215 | @a218页@d21cm | |
| 225 | 2 | @a四大国学经典解读@Asi da guo xue jing dian jie du |
| 330 | @a本书以新的视角谋篇立意,寻求发掘我们当今有启迪、有裨益的人生指挥和思想财富,选取《论语》中有关章句进行注释讲析。 | |
| 410 | 0 | @12001 @a四大国学经典解读 |
| 605 | @a论语@Alun yu@j通俗读物 | |
| 606 | 0 | @a儒家@Aru jia |
| 690 | @aB222.2-49@v4 | |
| 701 | 0 | @a朱瑞芬@Azhu rui fen@4注解 |
| 801 | 0 | @aCN@bQSSK@c20071228 |
| 905 | @b272945-47@dB222.2-49@eZ861@f3 | |
| 论语:精华本/朱瑞芬注解.-天津:百花文艺出版社,2007.08 |
| 218页;21cm.-(四大国学经典解读) |
| ISBN 978-7-5306-4743-1:CNY15.00 |
| 本书以新的视角谋篇立意,寻求发掘我们当今有启迪、有裨益的人生指挥和思想财富,选取《论语》中有关章句进行注释讲析。 |
| ● |
| 相关链接 |
|
|
|
正题名:论语
索取号:B222.2-49/Z861
 
预约/预借
| 序号 | 登录号 | 条形码 | 馆藏地/架位号 | 状态 | 备注 |
| 1 | 272945 | 202729459 | 社科库509/509社科库 10排4列5层/ [索取号:B222.2-49/Z861] | 在馆 | |
| 2 | 272946 | 202729468 | 社科库509/509社科库 10排4列5层/ [索取号:B222.2-49/Z861] | 在馆 | |
| 3 | 272947 | 202729477 | 社科库509/509社科库 10排4列5层/ [索取号:B222.2-49/Z861] | 在馆 |